000 00807cam a22002773a 4500
001 14543
003 PGUSA
005 20140828083318.0
008 041231s2004||||xxu|||||s|||||000 1 eng d
040 _aPGUSA
_beng
042 _adc
050 4 _aPZ
100 1 _aUnknown
245 1 0 _aFalse Friends, and The Sailor's Resolve
_h[electronic resource] /
_cUnknown
260 _bProject Gutenberg,
_c2004
506 _aPublic domain in the USA.
516 _aElectronic text
653 _aPrayer -- Juvenile fiction
653 _aChristian life -- Juvenile fiction
653 _aChildren's stories
653 _aConduct of life -- Juvenile fiction
653 _aTemper -- Juvenile fiction
830 0 _aProject Gutenberg
_v14543
856 4 0 _uhttp://www.gutenberg.org/ebooks/14543
942 _cEB
999 _c243798
_d243798